Switzerland - True or False - Statistics

General Stats
  • This quiz has been taken 75 times
  • The average score is 6 of 9
Answer Stats
Question Answer % Correct
Highest Crime rate in the world False
85%
Has the lowest peaks in Europe False
81%
Hottest country in the world False
77%
Has the best beaches in Europe False
73%
Has the longest tunnel in the world True
73%
Switzerland has 7000+ lakes. True
69%
Switzerland has had a civil war True
65%
Has land that includes Mt. Everest False
54%
Is the most innovative country in the world True
54%
No matching quizzes found
Score Distribution
Percent of People with Each Score
Percentile by Number Answered
Your Score History
You have not taken this quiz